000 00957nam a2200313 i 4500
003 EG-GICUC
005 20260423133321.0
008 260423s1913 fr a|||fr|||| 001 0 eng d
040 _aEG-GiCUC
_bfre
_cEG-GiCUC
_dEG-GiCUC
_eRda
041 0 _afre
082 0 4 _221
_a343.83
_bTH . P
092 0 4 _221
099 _aLaw1 10 343.83 TH . P 1913
100 1 _aThoinot, L.
_eAuteur
245 1 0 _aPrécis De Médecine Légale:
_nTome Second,
_cL. Thoinot.
264 1 _aparis:
_bOctave Doin Et Fils, Éditeurs,
_c1913.
300 _a848 page :
_billustration ;
_c 24 cm.
336 _2rda contenu
_a texte
337 _2rda medias
_aOrdinateur
338 _2 transporteur rda
_a Ressource en ligne
500 _aComprend un index.
504 _aB
546 _aTexte en français
650 1 _aDroit pénal
_2qrmak
651 1 _2qrmak
856 4 0 _uhttps://fll.law.cu.edu.eg/fulltext/bks/B10-11167.pdf
905 _a158
942 _2ddc
_n0
_cBK
_e21
999 _c73090
_d73090